000 00709nam a2200229 i 4500
001 126105
003 ES-MaACL
005 20230906192745.0
007 t|
008 070214s1962 sp r ||||1| spa d
100 1 _aReinfeld, Fred.
_996051
245 1 0 _aCuarto libro de ajedrez /
_cFred Reinfeld ; versión española de Francisco Javier Mariñas.
250 _a1ª ed.
260 _aBarcelona [etc.] :
_bBruguera,
_c1962.
300 _a156 p. :
_bil. ;
_c22 cm.
490 1 _aColección "Iris-Ajedrez"
650 0 4 _aAjedrez.
_99707
700 1 _aMariñas, Francisco Javier.
_976858
830 0 _aColección "Iris-Ajedrez"
_9219093
852 _aES-MaACL
_jF-6226
_bR.49091
999 _c126105
_d126105